|
|
|
|
| LEADER |
00000nam0a2200000 4500 |
| 001 |
156681 |
| 005 |
20231101221922.0 |
| 020 |
|
|
|a RU
|b 87-79332
|
| 035 |
|
|
|a (RuTPU)RU\TPU\book\169927
|
| 090 |
|
|
|a 156681
|
| 100 |
|
|
|a 20090330d1987 dm y0rusy5003 ca
|
| 101 |
1 |
|
|a rus
|c ger
|
| 102 |
|
|
|a RU
|
| 105 |
|
|
|a a z 000ay
|
| 200 |
1 |
|
|a Сказки
|f Я. Гримм, В. К. Гримм
|g пер. с нем. Г. Петников ; авт. послесл. Г. Шевченко ; худож. С. Голощапов
|
| 210 |
|
|
|a Москва
|c Правда
|d 1987
|
| 215 |
|
|
|a 480 с.
|c ил.
|d 21 см
|
| 610 |
1 |
|
|a Сказки немецкие
|
| 610 |
1 |
|
|a детская литература
|
| 675 |
|
|
|a 83
|z rus
|
| 700 |
|
1 |
|a Гримм
|b Я.
|c немецкий филолог
|f 1785-1863
|g Якоб
|2 stltpush
|3 (RuTPU)RU\TPU\pers\7803
|9 1522
|
| 701 |
|
1 |
|a Гримм
|b В. К.
|g Вильгельм Карл
|4 070
|
| 701 |
|
1 |
|a Гримм
|b В.
|c немецкий филолог
|f 1786-1859
|g Вильгельм
|2 stltpush
|3 (RuTPU)RU\TPU\pers\7804
|9 1523
|
| 702 |
|
1 |
|a Петников
|b Г.
|4 730
|
| 702 |
|
1 |
|a Шевченко
|b Г.
|4 075
|
| 702 |
|
1 |
|a Голощапов
|b С.
|4 440
|
| 801 |
|
0 |
|a RU
|b RuMRKP
|c 19950417
|g psbo
|
| 801 |
|
1 |
|a RU
|b 63413507
|c 20090330
|g PSBO
|
| 801 |
|
2 |
|a RU
|b 63413507
|c 20160118
|g PSBO
|
| 942 |
|
|
|c BK
|